| 000 | 00633nam a2200193 a 4500 | ||
|---|---|---|---|
| 001 | 000027776 | ||
| 003 | OSt | ||
| 005 | 20201009112302.0 | ||
| 008 | 110404s2001 dr 000 0 spa d | ||
| 040 |
_aDO-SdBNP _bspa _cBNPHU |
||
| 082 |
_axxxx _bxxxx |
||
| 110 | 1 |
_aBanco Central de la República Dominicana _bDepartamento de Cuentas Nacionales y Estadísticas Económicas _954851 |
|
| 245 | 1 | 0 |
_aEstadísticas turísticas : _b1999 - 2000 / |
| 260 |
_aSanto Domingo : _bBanco Central de la República Dominicana, _c2001. |
||
| 300 |
_a91 p. ; _c28 cm. |
||
| 590 | _aInventariado, 2020/ YL | ||
| 910 | _aEn proceso | ||
| 942 |
_2ddc _cLF1 |
||
| 999 |
_c48855 _d48855 |
||